000 00673nam a2200169 a 4500
008 160426s2015 ||||||||||||||||| || u
020 _a9781412987073
050 _aHV 6133 Sch
100 _aSchug, Robert .A
245 1 0 _aMental illness and crime
_cBy Robert. Schug [and] Henry F. Fradella
260 _aLos Angeles
_bSAGE Publications
_c2015
300 _axiv, 572p.:ill.
350 _a94.00
650 _aCRIMINAL -- MENTAL HEALTH -- UNITED STATES
650 _aMENTALLY ILL OFFENDERS -- UNITED STATES
995 _FCBU-MAIN LIBRARY (Kitwe)
_I94.00
_M1
_UAVAILABLE
_WApr 27, 2016
_ZMain Library Open Access Collection
999 _c50992
_d50992